Statistics for Gassu's SVG Art #1

Click here to take the quiz!

General Stats

  • This quiz has been taken 402 times
  • The average score is 9 of 20

Answers on the Map

Answers color-coded by a green-red scale on the quiz's map according to % correct below.
Loading ...
 

Answer Stats

QuestionAnswer% Correct
What is the capital of Kyrgyzstan?Bishkek
99%
Which U.S. state only borders one other state?Maine
94%
How do you call people from Côte d'Ivoire?Ivorians
77%
Rapa Nui or Isla de Pascua refers to what?Easter Island
68%
Which state is colloquially known as the "Peach State"?Georgia
63%
What major Australian city (>1m) is closest to the Great Barrier Reef?Brisbane
58%
Cornwall borders which English county?Devon
47%
In which country might you find Aconcagua?Argentina
46%
Where can you find a Muslim, a Christian, an Armenian and a Jewish quarter in one city?Jerusalem
45%
How many eight-thousanders are there?14
41%
What's the biggest city on Sardinia?Cagliari
39%
What's the biggest city in the South East Asia?Jakarta
36%
The Oktoberfest is traditionally held in which German city?Munich
36%
What is shown in the SVG artwork?Sydney Opera House
36%
Kairouan, Sfax and Sousse are cities in which country?Tunisia
33%
Which Dutch island, starting with A, lies off the coast of Venezuela?Aruba
32%
What Norwegian island, starting with B can be found in the Southern Atlantic?Bouvet
26%
What's the biggest island of the Canaries?Tenerife
23%
What's the REAL southernmost point of mainland Africa?Cape Agulhas
19%
Which French city, famous for its film festival, lies between Saint-Tropez and Nice?Cannes
17%

Score Distribution

Percentile by Number Answered

Percent of People with Each Score

Your Score History

You have not taken this quiz